| Record ID | ia:selectionsfrombe00berk |
| Source | Internet Archive |
| Download MARC XML | https://archive.org/download/selectionsfrombe00berk/selectionsfrombe00berk_marc.xml |
| Download MARC binary | https://www.archive.org/download/selectionsfrombe00berk/selectionsfrombe00berk_meta.mrc |
LEADER: 00722cam 2200193M 4500
001 5390405
005 20061025213740.0
008 870629s1899 enk 000 0 eng d
035 $a16408591
040 $aRBN$cRBN$dm.c$dUtOrBLW
090 $aB1305$b.F7 1899
100 1 $aBerkeley, George,$d1685-1753.
245 10 $aSelections from Berkeley, annotated.$bAn introduction to the problems of modern philosophy for the use of students in colleges and universities,$cby Alexander Campbell Fraser.
250 $a5th ed., amended.
260 $aOxford :$bAt the Clarendon press,$c1899.
300 $axlviii, 336 p.$c22 cm.
504 $aIncludes bibliographical references.
700 1 $aFraser, Alexander Campbell,$d1819-1914.
910 $aMARS